Higher education in Trinidad and Tobago.

Guardat en:
Dades bibliogràfiques
Autor principal: Gwendoline, Williams (autor)
Altres autors: Harvey, Claudia (autor) (autor)
Format: Llibre
Idioma:anglès
Col·lecció:(Monograph)
Matèries:
Etiquetes: Afegir etiqueta
Sense etiquetes, Sigues el primer a etiquetar aquest registre!

MARC

LEADER 00000cam^a2200000uu^4500
001 000490478
005 20250521000000.0
008 050901s1985^^^^^^^^^^^^rd^r^^000^0^eng^d
009 20260310125355.059
022 |a 9806048075 
035 |a FCE 000033694 
035 |a FCE 000839 
037 |a Acervo ITESO - Biblioteca 
041 |a eng 
082 0 4 |a 378.9  |b CREe 3 
100 |a Gwendoline, Williams  |e (autor) 
245 1 0 |a Higher education in Trinidad and Tobago. 
264 |a Caracas :  |b CRESALC : UNESCO,  |c 1985. 
300 |a 145 p. 
336 |a texto  |b txt  |2 rdacontenido 
337 |a sin mediación  |b n  |2 rdamedio 
338 |a volumen  |b nc  |2 rdasoporte 
440 0 |a (Monograph) 
649 |a XX 
650 |a Educación superior 
650 |a Estadísticas educativas 
650 |a Estudio regional 
650 |a Capacitación 
650 |a Caribe 
650 |a Trinidad y Tobago 
700 |a Harvey, Claudia  |e (autor) 
910 |a Fondo Centro de Estudios Educativos 
920 |a Impresos - Libros 
930 |a Fondos Especiales 
905 |a 133 
901 |a ALE000839  |b IT2  |c CEE  |u 20250521 
901 |a ALE043664  |b IT2  |c CEE  |u 20250521 
901 |a ALE043665  |b IT2  |c CEE  |u 20250521 
902 |a https://opac.biblio.iteso.mx/vufind/Record/000490478